000 00238nam a2200097Ia 4500
001 1050684
005 20250827001213.0
008 250824s9999 xx 000 0 und d
245 0 _aNUREDDİN ZENGİ
_cALİ EMRE
260 _bKETEBE YAYINLARI
999 _c1050684
_d1050684